000 00456nam a22001697a 4500
003 NUST - PNEC
005 20170116180953.0
008 150908b xxu||||| |||| 00| 0 eng d
020 _a002818260X
040 _cLIBRARY
082 _a621.381 HAN
100 _99226
_a Hand, William P
245 _aBasic electronics : components, devices, and circuits
_c William P Hand
260 _cc.1980
650 _99227
_aElectronics
_xEL
942 _2ddc
_cBK
999 _c66476
_d66476